Essentials of social psychology. (Record no. 69156)

MARC details
000 -LEADER
fixed length control field 00655cam a22002531 4500
001 - CONTROL NUMBER
control field sa 66003892
003 - CONTROL NUMBER IDENTIFIER
control field DLC
005 - DATE AND TIME OF LATEST TRANSACTION
control field 20260227112239.0
008 - FIXED-LENGTH DATA ELEMENTS--GENERAL INFORMATION
fixed length control field 791005s1965 ii b 000 0 eng
010 ## - LIBRARY OF CONGRESS CONTROL NUMBER
LC control number sa 66003892
025 ## - OVERSEAS ACQUISITION NUMBER
Overseas acquisition number PL480:I-E-5314
035 ## - SYSTEM CONTROL NUMBER
System control number (OCoLC)5470823
040 ## - CATALOGING SOURCE
Original cataloging agency DLC
Transcribing agency NBuU
Modifying agency DLC
042 ## - AUTHENTICATION CODE
Authentication code premarc
050 00 - LIBRARY OF CONGRESS CALL NUMBER
Classification number HM251
Item number .S46
082 ## - DEWEY DECIMAL CLASSIFICATION NUMBER
Classification number 301.1
100 1# - MAIN ENTRY--PERSONAL NAME
Personal name Sharma, Ram Nath,
Dates associated with a name 1931-
245 10 - TITLE STATEMENT
Title Essentials of social psychology.
250 ## - EDITION STATEMENT
Edition statement [1st ed.]
260 ## - PUBLICATION, DISTRIBUTION, ETC.
Place of publication, distribution, etc. Kampur,
Name of publisher, distributor, etc. Oriental Pub. House
Date of publication, distribution, etc. [1965]
300 ## - PHYSICAL DESCRIPTION
Extent v, 455 p.
Dimensions 23 cm.
504 ## - BIBLIOGRAPHY, ETC. NOTE
Bibliography, etc. note Bibliographical footnotes.
650 #0 - SUBJECT ADDED ENTRY--TOPICAL TERM
Topical term or geographic name entry element Social psychology.

No items available.

Powered by Koha